000 00446nam a22001697a 4500
005 20180206154509.0
008 160701b xxu||||| |||| 00| 0 eng d
020 _a978-81-203-1380-4
041 _aeng
082 _b20373
_a005.447 6
100 _aSinha Pradeep kumar
_93390
245 _aDistributed Operating system: concepts and design
260 _bPHI
_c2014
_adelhi
300 _a730
650 _aInformation Technology
_9137
942 _cBK
999 _c5066
_d5064